100 Cien días después del 11 de setiembre de 2001 /
保存先:
| 第一著者: | |
|---|---|
| フォーマット: | テキスト |
| 主題: | |
| タグ: |
タグ追加
タグなし, このレコードへの初めてのタグを付けませんか!
|
MARC
| LEADER | 00000 a a2200000 04500 | ||
|---|---|---|---|
| 001 | 7674 | ||
| 003 | |||
| 040 | |||
| 100 | |a Auger, Iván | ||
| 245 | |a 100 Cien días después del 11 de setiembre de 2001 / |c Iván Auger | ||
| 650 | |a GUERRA | ||
| 650 | |a CAMBIO SOCIAL | ||
| 650 | |a ORIENTE MEDIO | ||
| 650 | |a TERRORISMO | ||
| 650 | |a ISLAM | ||
| 650 | |a INTEGRSIMO | ||
| 650 | |a ECONOMIA MUNDIAL | ||
| 773 | |g volumen 34, número 136; páginas 21-39 | ||
| 999 | |c 32128 |d 32128 | ||
